|
|
|
|
| LEADER |
00000nam0a2200000 4500 |
| 001 |
217557 |
| 005 |
20231101230128.0 |
| 010 |
|
|
|a 9785392024193
|
| 035 |
|
|
|a (RuTPU)RU\TPU\book\237557
|
| 090 |
|
|
|a 217557
|
| 100 |
|
|
|a 20120606d2011 k y0rusy50 ca
|
| 101 |
0 |
|
|a rus
|
| 102 |
|
|
|a RU
|
| 105 |
|
|
|a a z 001zy
|
| 200 |
1 |
|
|a Теоретические и экспериментальные методы химии растворов
|f Российская академия наук (РАН), Институт химии растворов (ИХР) ; под ред. А. Ю. Цивадзе
|
| 210 |
|
|
|a Москва
|c Проспект
|d 2011
|
| 215 |
|
|
|a 683 с.
|c ил.
|
| 225 |
1 |
|
|a Проблемы химии растворов
|
| 320 |
|
|
|a Библиография в конце глав.
|
| 330 |
|
|
|a Предлагаемая вниманию читателей книга посвящается вопросам использования современных теоретических и экспериментальных методов для изучения жидких растворов, которые составляют одну из важнейших субстанций окружающего мира. В книге рассмотрены методы компьютерного моделирования жидких систем и теоретического расчета их физико-химических и структурных свойств — молекулярной динамики (МД), Монте-Карло (МК) и интегральных уравнений (ИУ). Показаны возможности применения спектральных методов для исследования растворов (ЯМР-спектроскопия, фемтосекундная транзиентная спектроскопия, инфракрасная спектроскопия, спектроскопия комбинационного рассеяния и электронная спектроскопия), методов рентгенодифракционного анализа, денсиметрии, кондуктометрии, потенциометрии и калориметрии. Впервые в одном томе коллективной монографии объединены и представлены наиболее востребованные в настоящее время перспективные теоретические и экспериментальные методы химии растворов. Книга написана известными учеными, работы которых способствовали развитию исследований в области химии растворов. Авторы в ясной, доступной форме излагают теоретические основы методов и дают обзор современных тенденций в интерпретации экспериментальных данных, а также описывают технику и методику эксперимента. Для химиков: научных работников, преподавателей вузов, аспирантов и студентов.
|
| 606 |
1 |
|
|a Растворы
|x Химия
|2 stltpush
|3 (RuTPU)RU\TPU\subj\23901
|9 48393
|
| 610 |
1 |
|
|a теория
|
| 610 |
1 |
|
|a экспериментальные методы
|
| 610 |
1 |
|
|a компьютерное моделирование
|
| 610 |
1 |
|
|a равновесная статистическая теория
|
| 610 |
1 |
|
|a жидкости
|
| 610 |
1 |
|
|a интегральные уравнения
|
| 610 |
1 |
|
|a ЯМР-спектроскопия
|
| 610 |
1 |
|
|a потенциометрический метод
|
| 610 |
1 |
|
|a электролиты
|
| 610 |
1 |
|
|a сольватация
|
| 610 |
1 |
|
|a диссоциация
|
| 610 |
1 |
|
|a неводные растворители
|
| 610 |
1 |
|
|a металлокомплексные соединения
|
| 610 |
1 |
|
|a термодинамические характеристики
|
| 610 |
1 |
|
|a калориметрические методы
|
| 610 |
1 |
|
|a калориметрическое титрирование
|
| 675 |
|
|
|a 544.35
|v 3
|
| 702 |
|
1 |
|a Цивадзе
|b А. Ю.
|4 340
|
| 712 |
0 |
2 |
|a Российская академия наук (РАН)
|b Институт химии растворов (ИХР)
|c (Иваново)
|2 stltpush
|3 (RuTPU)RU\TPU\col\418
|
| 801 |
|
1 |
|a RU
|b 63413507
|c 20120606
|
| 801 |
|
2 |
|a RU
|b 63413507
|c 20120614
|g RCR
|
| 942 |
|
|
|c BK
|